Vista normal Vista MARC

Entrada Personal Name

Número de registros utilizados en: 2

001 - CONTROL NUMBER

  • control field: 13827

003 - CONTROL NUMBER IDENTIFIER

  • control field: OSt

005 - DATE AND TIME OF LATEST TRANSACTION

  • control field: 20210223144558.0

008 - FIXED-LENGTH DATA ELEMENTS

  • fixed length control field: 210223|| aca||aabn | a|a d

040 ## - CATALOGING SOURCE

  • Original cataloging agency: OSt
  • Transcribing agency: OSt

100 ## - HEADING--PERSONAL NAME

  • Personal name: Pérez Pinzón, Alvaro Orlando

670 ## - SOURCE DATA FOUND

  • Source citation: Work cat.: (OSt)0: Pérez Pinzón, Alvaro Orlando. autor, Un siglo de jurisprudencia penal :, 2000.